<?xml version="1.0" encoding="UTF-8"?>
<collection xmlns="http://www.loc.gov/MARC21/slim">
 <record>
  <leader>08144cam a2201165 c 4500</leader>
  <controlfield tag="001">311750761</controlfield>
  <controlfield tag="003">DE-627</controlfield>
  <controlfield tag="005">20260409115221.0</controlfield>
  <controlfield tag="007">tu</controlfield>
  <controlfield tag="008">000406s2000    gw ||||| m    00| ||ger c</controlfield>
  <datafield tag="015" ind1=" " ind2=" ">
   <subfield code="a">00,N05,0752</subfield>
   <subfield code="2">dnb</subfield>
  </datafield>
  <datafield tag="015" ind1=" " ind2=" ">
   <subfield code="a">00,A44,1083</subfield>
   <subfield code="2">dnb</subfield>
  </datafield>
  <datafield tag="016" ind1="7" ind2=" ">
   <subfield code="a">958213860</subfield>
   <subfield code="2">DE-101</subfield>
  </datafield>
  <datafield tag="020" ind1=" " ind2=" ">
   <subfield code="a">3933598095</subfield>
   <subfield code="9">3-933598-09-5</subfield>
  </datafield>
  <datafield tag="035" ind1=" " ind2=" ">
   <subfield code="a">(DE-627)311750761</subfield>
  </datafield>
  <datafield tag="035" ind1=" " ind2=" ">
   <subfield code="a">(DE-576)083481168</subfield>
  </datafield>
  <datafield tag="035" ind1=" " ind2=" ">
   <subfield code="a">(DE-599)GBV311750761</subfield>
  </datafield>
  <datafield tag="035" ind1=" " ind2=" ">
   <subfield code="a">(OCoLC)231863256</subfield>
  </datafield>
  <datafield tag="035" ind1=" " ind2=" ">
   <subfield code="a">(OCoLC)231863256</subfield>
  </datafield>
  <datafield tag="035" ind1=" " ind2=" ">
   <subfield code="a">(OCoLC)1027043516</subfield>
  </datafield>
  <datafield tag="040" ind1=" " ind2=" ">
   <subfield code="a">DE-627</subfield>
   <subfield code="b">ger</subfield>
   <subfield code="c">DE-627</subfield>
   <subfield code="e">rakwb</subfield>
  </datafield>
  <datafield tag="041" ind1=" " ind2=" ">
   <subfield code="a">ger</subfield>
  </datafield>
  <datafield tag="044" ind1=" " ind2=" ">
   <subfield code="c">XA-DE</subfield>
  </datafield>
  <datafield tag="050" ind1=" " ind2="0">
   <subfield code="a">LB3223.5.G3</subfield>
  </datafield>
  <datafield tag="082" ind1="0" ind2=" ">
   <subfield code="a">727</subfield>
   <subfield code="q">OCLC</subfield>
  </datafield>
  <datafield tag="084" ind1=" " ind2=" ">
   <subfield code="a">45</subfield>
   <subfield code="2">sdnb</subfield>
  </datafield>
  <datafield tag="084" ind1=" " ind2=" ">
   <subfield code="a">9,10</subfield>
   <subfield code="2">ssgn</subfield>
  </datafield>
  <datafield tag="084" ind1=" " ind2=" ">
   <subfield code="a">AK 16700</subfield>
   <subfield code="q">BVB</subfield>
   <subfield code="2">rvk</subfield>
   <subfield code="0">(DE-625)rvk/2534:</subfield>
  </datafield>
  <datafield tag="084" ind1=" " ind2=" ">
   <subfield code="a">NP 3340</subfield>
   <subfield code="q">BVB</subfield>
   <subfield code="2">rvk</subfield>
   <subfield code="0">(DE-625)rvk/127672:</subfield>
  </datafield>
  <datafield tag="084" ind1=" " ind2=" ">
   <subfield code="a">NP 3425</subfield>
   <subfield code="q">BVB</subfield>
   <subfield code="2">rvk</subfield>
   <subfield code="0">(DE-625)rvk/127683:</subfield>
  </datafield>
  <datafield tag="084" ind1=" " ind2=" ">
   <subfield code="a">NU 3000</subfield>
   <subfield code="q">BVB</subfield>
   <subfield code="2">rvk</subfield>
   <subfield code="0">(DE-625)rvk/131135:</subfield>
  </datafield>
  <datafield tag="084" ind1=" " ind2=" ">
   <subfield code="a">ZH 6000</subfield>
   <subfield code="2">rvk</subfield>
   <subfield code="0">(DE-625)rvk/156184:</subfield>
  </datafield>
  <datafield tag="084" ind1=" " ind2=" ">
   <subfield code="a">ZH 6150</subfield>
   <subfield code="2">rvk</subfield>
   <subfield code="0">(DE-625)rvk/156198:</subfield>
  </datafield>
  <datafield tag="084" ind1=" " ind2=" ">
   <subfield code="a">LK 79754</subfield>
   <subfield code="2">rvk</subfield>
   <subfield code="0">(DE-625)rvk/98296:158</subfield>
  </datafield>
  <datafield tag="084" ind1=" " ind2=" ">
   <subfield code="a">DM 1000</subfield>
   <subfield code="2">rvk</subfield>
   <subfield code="0">(DE-625)rvk/19697:761</subfield>
  </datafield>
  <datafield tag="084" ind1=" " ind2=" ">
   <subfield code="a">LK 79750</subfield>
   <subfield code="2">rvk</subfield>
   <subfield code="0">(DE-625)rvk/98296:154</subfield>
  </datafield>
  <datafield tag="084" ind1=" " ind2=" ">
   <subfield code="a">AL 26400</subfield>
   <subfield code="2">rvk</subfield>
   <subfield code="0">(DE-625)rvk/2870:</subfield>
  </datafield>
  <datafield tag="084" ind1=" " ind2=" ">
   <subfield code="a">56.84</subfield>
   <subfield code="2">bkl</subfield>
  </datafield>
  <datafield tag="084" ind1=" " ind2=" ">
   <subfield code="a">21.71</subfield>
   <subfield code="2">bkl</subfield>
  </datafield>
  <datafield tag="084" ind1=" " ind2=" ">
   <subfield code="a">15.36</subfield>
   <subfield code="2">bkl</subfield>
  </datafield>
  <datafield tag="084" ind1=" " ind2=" ">
   <subfield code="a">15.36</subfield>
   <subfield code="2">bkl</subfield>
  </datafield>
  <datafield tag="100" ind1="1" ind2=" ">
   <subfield code="a">Nägelke, Hans-Dieter</subfield>
   <subfield code="d">1964-</subfield>
   <subfield code="0">(DE-588)172543487</subfield>
   <subfield code="0">(DE-627)704728745</subfield>
   <subfield code="0">(DE-576)169095231</subfield>
   <subfield code="4">aut</subfield>
  </datafield>
  <datafield tag="245" ind1="1" ind2="0">
   <subfield code="a">Hochschulbau im Kaiserreich</subfield>
   <subfield code="b">historistische Architektur im Prozess bürgerlicher Konsensbildung</subfield>
   <subfield code="c">Hans-Dieter Nägelke</subfield>
  </datafield>
  <datafield tag="263" ind1=" " ind2=" ">
   <subfield code="a">Gb. : DM 89.00, sfr 89.00, S 670.00</subfield>
  </datafield>
  <datafield tag="264" ind1=" " ind2="1">
   <subfield code="a">Kiel</subfield>
   <subfield code="b">Ludwig</subfield>
   <subfield code="c">2000</subfield>
  </datafield>
  <datafield tag="300" ind1=" " ind2=" ">
   <subfield code="a">520 S.</subfield>
   <subfield code="b">zahlr. Ill., graph. Darst.</subfield>
   <subfield code="c">24 cm</subfield>
  </datafield>
  <datafield tag="336" ind1=" " ind2=" ">
   <subfield code="a">Text</subfield>
   <subfield code="b">txt</subfield>
   <subfield code="2">rdacontent</subfield>
  </datafield>
  <datafield tag="337" ind1=" " ind2=" ">
   <subfield code="a">ohne Hilfsmittel zu benutzen</subfield>
   <subfield code="b">n</subfield>
   <subfield code="2">rdamedia</subfield>
  </datafield>
  <datafield tag="338" ind1=" " ind2=" ">
   <subfield code="a">Band</subfield>
   <subfield code="b">nc</subfield>
   <subfield code="2">rdacarrier</subfield>
  </datafield>
  <datafield tag="500" ind1=" " ind2=" ">
   <subfield code="a">&lt;1&gt; [Book review (H-Net)]  =A http://www.h-net.org/review/hrev-a0c4f4-aa</subfield>
  </datafield>
  <datafield tag="502" ind1=" " ind2=" ">
   <subfield code="a">Zugl.: Kiel, Univ., Diss., 1997</subfield>
  </datafield>
  <datafield tag="505" ind1="8" ind2=" ">
   <subfield code="a">Literaturverz. S. [481] - 510</subfield>
  </datafield>
  <datafield tag="520" ind1=" " ind2=" ">
   <subfield code="a">Auch Bauten der Martin-Luther-Universität Halle. - S. 344-352</subfield>
  </datafield>
  <datafield tag="583" ind1="1" ind2=" ">
   <subfield code="a">Archivierung/Langzeitarchivierung gewährleistet</subfield>
   <subfield code="f">SSG</subfield>
   <subfield code="x">XA-DE-BW</subfield>
   <subfield code="2">pdager</subfield>
   <subfield code="5">DE-16</subfield>
  </datafield>
  <datafield tag="583" ind1="1" ind2=" ">
   <subfield code="a">Archivierung/Langzeitarchivierung gewährleistet</subfield>
   <subfield code="f">PESH</subfield>
   <subfield code="x">XA-DE-SH</subfield>
   <subfield code="2">pdager</subfield>
   <subfield code="5">DE-68</subfield>
  </datafield>
  <datafield tag="583" ind1="1" ind2=" ">
   <subfield code="a">Archivierung/Langzeitarchivierung gewährleistet</subfield>
   <subfield code="f">REG</subfield>
   <subfield code="x">XA-DE-NI</subfield>
   <subfield code="2">pdager</subfield>
   <subfield code="5">DE-35</subfield>
  </datafield>
  <datafield tag="648" ind1=" " ind2="4">
   <subfield code="a">Geschichte 1871-1918</subfield>
  </datafield>
  <datafield tag="650" ind1=" " ind2="0">
   <subfield code="a">College buildings</subfield>
   <subfield code="z">Germany</subfield>
   <subfield code="x">History</subfield>
  </datafield>
  <datafield tag="650" ind1=" " ind2="0">
   <subfield code="a">College buildings</subfield>
   <subfield code="z">Germany</subfield>
   <subfield code="x">Design and construction</subfield>
  </datafield>
  <datafield tag="650" ind1=" " ind2="0">
   <subfield code="a">Architecture</subfield>
   <subfield code="z">Germany</subfield>
   <subfield code="x">History</subfield>
  </datafield>
  <datafield tag="655" ind1=" " ind2="7">
   <subfield code="a">Hochschulschrift</subfield>
   <subfield code="0">(DE-588)4113937-9</subfield>
   <subfield code="0">(DE-627)105825778</subfield>
   <subfield code="0">(DE-576)209480580</subfield>
   <subfield code="2">gnd-content</subfield>
  </datafield>
  <datafield tag="689" ind1="0" ind2="0">
   <subfield code="d">g</subfield>
   <subfield code="0">(DE-588)4011882-4</subfield>
   <subfield code="0">(DE-627)104704861</subfield>
   <subfield code="0">(DE-576)208896155</subfield>
   <subfield code="a">Deutschland</subfield>
   <subfield code="2">gnd</subfield>
  </datafield>
  <datafield tag="689" ind1="0" ind2="1">
   <subfield code="d">s</subfield>
   <subfield code="0">(DE-588)4160195-6</subfield>
   <subfield code="0">(DE-627)104636572</subfield>
   <subfield code="0">(DE-576)209855975</subfield>
   <subfield code="a">Hochschulbau</subfield>
   <subfield code="2">gnd</subfield>
  </datafield>
  <datafield tag="689" ind1="0" ind2="2">
   <subfield code="a">z</subfield>
   <subfield code="2">gnd</subfield>
   <subfield code="a">Geschichte 1871-1918</subfield>
  </datafield>
  <datafield tag="689" ind1="0" ind2=" ">
   <subfield code="5">DE-101</subfield>
  </datafield>
  <datafield tag="689" ind1="1" ind2="0">
   <subfield code="d">s</subfield>
   <subfield code="0">(DE-588)4025142-1</subfield>
   <subfield code="0">(DE-627)106294784</subfield>
   <subfield code="0">(DE-576)208959300</subfield>
   <subfield code="a">Historismus</subfield>
   <subfield code="2">gnd</subfield>
  </datafield>
  <datafield tag="689" ind1="1" ind2="1">
   <subfield code="d">s</subfield>
   <subfield code="0">(DE-588)4002851-3</subfield>
   <subfield code="0">(DE-627)104280352</subfield>
   <subfield code="0">(DE-576)208848975</subfield>
   <subfield code="a">Architektur</subfield>
   <subfield code="2">gnd</subfield>
  </datafield>
  <datafield tag="689" ind1="1" ind2=" ">
   <subfield code="5">(DE-627)</subfield>
  </datafield>
  <datafield tag="751" ind1=" " ind2=" ">
   <subfield code="a">Kiel</subfield>
   <subfield code="0">(DE-588)4030481-4</subfield>
   <subfield code="0">(DE-627)106269801</subfield>
   <subfield code="0">(DE-576)208987711</subfield>
   <subfield code="4">uvp</subfield>
  </datafield>
  <datafield tag="787" ind1="0" ind2="8">
   <subfield code="i">Rezension</subfield>
   <subfield code="a">Schilling, Jörg</subfield>
   <subfield code="t">Hans-Dieter Nägelke, Hochschulbau im Kaiserreich</subfield>
   <subfield code="d">[East Lansing, MI], 2002</subfield>
   <subfield code="w">(DE-627)1512549231</subfield>
   <subfield code="w">(DE-576)442549237</subfield>
  </datafield>
  <datafield tag="787" ind1="0" ind2="8">
   <subfield code="i">Rezension</subfield>
   <subfield code="a">Hoffmann, Godehard, 1959 - </subfield>
   <subfield code="t">[Rezension von: Hans-Dieter Nägelke, Hochschulbau im Kaiserreich]</subfield>
   <subfield code="d">2001</subfield>
   <subfield code="w">(DE-627)1540345343</subfield>
   <subfield code="w">(DE-576)470345349</subfield>
  </datafield>
  <datafield tag="787" ind1="0" ind2="8">
   <subfield code="i">Rezensiert in</subfield>
   <subfield code="a">Schilling, Jörg, 1960 - </subfield>
   <subfield code="t">[Rezension von: Henning Winter, Die Architektur der Krematorien im Deutschen Reich 1878-1918 - Hans-Dieter Nägelke, Hochschulbau im Kaiserreich. Historistische Architektur im Prozess bürgerlicher Konsensbildung]</subfield>
   <subfield code="d">2002</subfield>
   <subfield code="w">(DE-627)1968252843</subfield>
  </datafield>
  <datafield tag="856" ind1="4" ind2="2">
   <subfield code="u">http://www.gbv.de/dms/bs/toc/311750761.pdf</subfield>
   <subfield code="m">V:DE-601</subfield>
   <subfield code="m">B:DE-84</subfield>
   <subfield code="q">pdf/application</subfield>
   <subfield code="x">Verlag</subfield>
   <subfield code="y">Inhaltsverzeichnis</subfield>
   <subfield code="3">Inhaltsverzeichnis</subfield>
   <subfield code="7">1</subfield>
  </datafield>
  <datafield tag="856" ind1="4" ind2="2">
   <subfield code="u">http://www.h-net.org/review/hrev-a0c4f4-aa</subfield>
   <subfield code="v">2016-07-07</subfield>
   <subfield code="x">Verlag</subfield>
   <subfield code="y">Book review (H-Net)</subfield>
   <subfield code="7">1</subfield>
  </datafield>
  <datafield tag="856" ind1="4" ind2="2">
   <subfield code="u">http://www.h-net.org/reviews/showrev.php?id=6276</subfield>
   <subfield code="v">2016-07-07</subfield>
   <subfield code="x">Verlag</subfield>
   <subfield code="y">Book review (H-Net)</subfield>
   <subfield code="7">1</subfield>
  </datafield>
  <datafield tag="856" ind1="4" ind2="2">
   <subfield code="u">https://swbplus.bsz-bw.de/bsz083481168rez.htm</subfield>
   <subfield code="m">B:DE-576;DE-16</subfield>
   <subfield code="q">application/pdf</subfield>
   <subfield code="v">20081106095051</subfield>
   <subfield code="x">Verlag</subfield>
   <subfield code="3">Rezension</subfield>
   <subfield code="7">1</subfield>
  </datafield>
  <datafield tag="935" ind1=" " ind2=" ">
   <subfield code="a">SAXB</subfield>
  </datafield>
  <datafield tag="935" ind1=" " ind2=" ">
   <subfield code="i">Blocktest</subfield>
  </datafield>
  <datafield tag="936" ind1="r" ind2="v">
   <subfield code="a">AK 16700</subfield>
   <subfield code="b">19./20. Jahrhundert, 1. Hälfte</subfield>
   <subfield code="k">Allgemeines</subfield>
   <subfield code="k">Wissenschaftskunde und Wissenschaftsorganisation</subfield>
   <subfield code="k">Biografien, Geschichte</subfield>
   <subfield code="k">Geschichte verschiedener Zeiträume</subfield>
   <subfield code="k">Neuere Zeit</subfield>
   <subfield code="k">19./20. Jahrhundert, 1. Hälfte</subfield>
   <subfield code="0">(DE-627)1270656619</subfield>
   <subfield code="0">(DE-625)rvk/2534:</subfield>
   <subfield code="0">(DE-576)200656619</subfield>
  </datafield>
  <datafield tag="936" ind1="r" ind2="v">
   <subfield code="a">NP 3340</subfield>
   <subfield code="b">Sonstiges</subfield>
   <subfield code="k">Geschichte</subfield>
   <subfield code="k">Von der Restauration bis zum Ende des Ersten Weltkrieges (1815 - 1918)</subfield>
   <subfield code="k">Zeitalter Bismarcks (1850 - 1890)</subfield>
   <subfield code="k">Allgemeines zur deutschen Geschichte (1850 - 1890)</subfield>
   <subfield code="k">Deutsche Geschichte (1870/71 - 1890)</subfield>
   <subfield code="k">Innere Entwicklung des Reiches unter Bismarck</subfield>
   <subfield code="k">Sonstiges</subfield>
   <subfield code="0">(DE-627)1271469057</subfield>
   <subfield code="0">(DE-625)rvk/127672:</subfield>
   <subfield code="0">(DE-576)201469057</subfield>
  </datafield>
  <datafield tag="936" ind1="r" ind2="v">
   <subfield code="a">NP 3425</subfield>
   <subfield code="b">Geistes- und Kulturgeschichte</subfield>
   <subfield code="k">Geschichte</subfield>
   <subfield code="k">Von der Restauration bis zum Ende des Ersten Weltkrieges (1815 - 1918)</subfield>
   <subfield code="k">Zeitalter des Imperialismus (1890 - 1914)</subfield>
   <subfield code="k">Allgemeines</subfield>
   <subfield code="k">Geistes- und Kulturgeschichte</subfield>
   <subfield code="0">(DE-627)1271469197</subfield>
   <subfield code="0">(DE-625)rvk/127683:</subfield>
   <subfield code="0">(DE-576)201469197</subfield>
  </datafield>
  <datafield tag="936" ind1="r" ind2="v">
   <subfield code="a">NU 3000</subfield>
   <subfield code="b">Übergreifende Darstellungen zu mehreren deutschsprachigen Universitäten</subfield>
   <subfield code="k">Geschichte</subfield>
   <subfield code="k">Geschichte der Wissenschaften und des Unterrichtswesens</subfield>
   <subfield code="k">Geschichte der Wissenschaften</subfield>
   <subfield code="k">Geschichte der wissenschaftlichen Institutionen</subfield>
   <subfield code="k">Universitäten und Hochschulen</subfield>
   <subfield code="k">Deutschsprachige Universitäten</subfield>
   <subfield code="k">Übergreifende Darstellungen zu mehreren deutschsprachigen Universitäten</subfield>
   <subfield code="0">(DE-627)1271538849</subfield>
   <subfield code="0">(DE-625)rvk/131135:</subfield>
   <subfield code="0">(DE-576)201538849</subfield>
  </datafield>
  <datafield tag="936" ind1="r" ind2="v">
   <subfield code="a">ZH 6000</subfield>
   <subfield code="b">Allgemeines</subfield>
   <subfield code="k">Technik</subfield>
   <subfield code="k">Architektur</subfield>
   <subfield code="k">Öffentliche Gebäude</subfield>
   <subfield code="k">Allgemeines</subfield>
   <subfield code="0">(DE-627)1271773333</subfield>
   <subfield code="0">(DE-625)rvk/156184:</subfield>
   <subfield code="0">(DE-576)201773333</subfield>
  </datafield>
  <datafield tag="936" ind1="r" ind2="v">
   <subfield code="a">ZH 6150</subfield>
   <subfield code="b">Hochschulbau</subfield>
   <subfield code="k">Technik</subfield>
   <subfield code="k">Architektur</subfield>
   <subfield code="k">Öffentliche Gebäude</subfield>
   <subfield code="k">Hochschulbau</subfield>
   <subfield code="0">(DE-627)1270638300</subfield>
   <subfield code="0">(DE-625)rvk/156198:</subfield>
   <subfield code="0">(DE-576)200638300</subfield>
  </datafield>
  <datafield tag="936" ind1="r" ind2="v">
   <subfield code="a">LK 79754</subfield>
   <subfield code="b">19. und 20. Jahrhundert</subfield>
   <subfield code="k">Kunstgeschichte</subfield>
   <subfield code="k">Kunst nach Ländern bzw. Kontinenten</subfield>
   <subfield code="k">Deutschland</subfield>
   <subfield code="k">Deutsche Kunstgeschichte nach Gattungen</subfield>
   <subfield code="k">Architektur</subfield>
   <subfield code="k">Ordnung nach Aufgaben</subfield>
   <subfield code="k">Öffentliche Bauten (Brücken, Brunnen, Rathäuser, Parlamente, Bauten für Erziehung, Wissenschaft und Kunst etc.)</subfield>
   <subfield code="k">19. und 20. Jahrhundert</subfield>
   <subfield code="0">(DE-627)1270642065</subfield>
   <subfield code="0">(DE-625)rvk/98296:158</subfield>
   <subfield code="0">(DE-576)200642065</subfield>
  </datafield>
  <datafield tag="936" ind1="r" ind2="v">
   <subfield code="a">DM 1000</subfield>
   <subfield code="b">Allgemeines und Deutschland</subfield>
   <subfield code="k">Pädagogik</subfield>
   <subfield code="k">Universität, Hochschule, Forschung und Wissenschaft</subfield>
   <subfield code="k">Geschichte allgemein</subfield>
   <subfield code="k">Allgemeines und Deutschland</subfield>
   <subfield code="0">(DE-627)1270782193</subfield>
   <subfield code="0">(DE-625)rvk/19697:761</subfield>
   <subfield code="0">(DE-576)200782193</subfield>
  </datafield>
  <datafield tag="936" ind1="r" ind2="v">
   <subfield code="a">LK 79750</subfield>
   <subfield code="b">allgemein</subfield>
   <subfield code="k">Kunstgeschichte</subfield>
   <subfield code="k">Kunst nach Ländern bzw. Kontinenten</subfield>
   <subfield code="k">Deutschland</subfield>
   <subfield code="k">Deutsche Kunstgeschichte nach Gattungen</subfield>
   <subfield code="k">Architektur</subfield>
   <subfield code="k">Ordnung nach Aufgaben</subfield>
   <subfield code="k">Öffentliche Bauten (Brücken, Brunnen, Rathäuser, Parlamente, Bauten für Erziehung, Wissenschaft und Kunst etc.)</subfield>
   <subfield code="k">allgemein</subfield>
   <subfield code="0">(DE-627)1270641905</subfield>
   <subfield code="0">(DE-625)rvk/98296:154</subfield>
   <subfield code="0">(DE-576)200641905</subfield>
  </datafield>
  <datafield tag="936" ind1="r" ind2="v">
   <subfield code="a">AL 26400</subfield>
   <subfield code="b">Hochschulbau, Bausysteme, Baueinzelfragen</subfield>
   <subfield code="k">Allgemeines</subfield>
   <subfield code="k">Hochschul- und Universitätswesen</subfield>
   <subfield code="k">Gebäude</subfield>
   <subfield code="k">Hochschulbau, Bausysteme, Baueinzelfragen</subfield>
   <subfield code="0">(DE-627)1270659111</subfield>
   <subfield code="0">(DE-625)rvk/2870:</subfield>
   <subfield code="0">(DE-576)200659111</subfield>
  </datafield>
  <datafield tag="936" ind1="b" ind2="k">
   <subfield code="a">56.84</subfield>
   <subfield code="j">Schulbau</subfield>
   <subfield code="j">Bibliotheksbau</subfield>
   <subfield code="j">Museumsbau</subfield>
   <subfield code="j">Theaterbau</subfield>
   <subfield code="0">(DE-627)106421174</subfield>
  </datafield>
  <datafield tag="936" ind1="b" ind2="k">
   <subfield code="a">21.71</subfield>
   <subfield code="j">Geschichte öffentlicher Bauten</subfield>
   <subfield code="0">(DE-627)106421263</subfield>
  </datafield>
  <datafield tag="936" ind1="b" ind2="k">
   <subfield code="a">15.36</subfield>
   <subfield code="j">Europäische Geschichte 1815-1914</subfield>
   <subfield code="q">coli-conc RVK-&gt;BK</subfield>
   <subfield code="q">https://coli-conc.gbv.de/api/mappings/fa2b10c5-c74f-4f08-be74-c8a6e1f5491c</subfield>
   <subfield code="0">(DE-627)18157103X</subfield>
  </datafield>
  <datafield tag="936" ind1="b" ind2="k">
   <subfield code="a">15.36</subfield>
   <subfield code="j">Europäische Geschichte 1815-1914</subfield>
   <subfield code="q">coli-conc RVK-&gt;BK</subfield>
   <subfield code="q">https://coli-conc.gbv.de/api/mappings/74a16610-395f-4b72-89bb-58d4870ebd54</subfield>
   <subfield code="0">(DE-627)18157103X</subfield>
  </datafield>
  <datafield tag="951" ind1=" " ind2=" ">
   <subfield code="a">BO</subfield>
  </datafield>
  <datafield tag="990" ind1=" " ind2=" ">
   <subfield code="a">Deutschland</subfield>
  </datafield>
  <datafield tag="990" ind1=" " ind2=" ">
   <subfield code="a">Hochschulbau</subfield>
  </datafield>
  <datafield tag="990" ind1=" " ind2=" ">
   <subfield code="a">Geschichte 1871-1918</subfield>
  </datafield>
  <datafield tag="990" ind1=" " ind2=" ">
   <subfield code="a">Historismus</subfield>
  </datafield>
  <datafield tag="990" ind1=" " ind2=" ">
   <subfield code="a">Architektur</subfield>
  </datafield>
  <datafield tag="991" ind1=" " ind2=" ">
   <subfield code="a">Rezensiertes Werk</subfield>
  </datafield>
  <datafield tag="999" ind1=" " ind2=" ">
   <subfield code="a">KXP-PPN311750761</subfield>
   <subfield code="e">4073615084</subfield>
  </datafield>
 </record>
</collection>
